Deutsche Abkürzungen #1 - Statistiken

Allgemein
  • Dieses Quiz wurde 146 mal gespielt
  • Das Durchschnittsergebnis liegt bei 13 aus 20
Antwortstatistiken
Abkürzung Antwort % Korrekt
evtl. eventuell
100%
usw. und so weiter
100%
inkl. inklusive
98%
bspw. beispielsweise
92%
Kita Kindertagesstätte
88%
o. Ä. oder Ähnliche
88%
Abb. Abbildung
85%
i.d.R. in der Regel
84%
DRK Deutsches Rotes Kreuz
79%
LKA Landeskriminalamt
72%
z. Hd. zu Händen
71%
v.a. vor allem
69%
ggf. gegebenenfalls
67%
UStG Umsatzsteuergesetz
53%
o. g. oben genannt
36%
FSK Freiwillige Selbstkontrolle
31%
ADFC Allgemeiner Deutscher Fahrrad Club
25%
z.w.V. zur weiteren Veranlassung
9%
StVZO Straßenverkehrszulassungsverordnung
5%
mhd. mittelhochdeutsch
2%
Keine übereinstimmenden Quizze gefunden
Verteilung der Resultate
Anzahl Personen mit jedem Resultat
Perzentil nach korrekt beantworteten Fragen
Ihre Resultats-Entwicklung
Sie haben dieses Quiz noch nicht gespielt